ბათუმის შოთა რუსთაველის სახელმწიფო უნივერსიტეტის ბიბლიოთეკა

რჩეული ნაწარმოებები : 5 ტომად. ტ. 4 (ბიბ.ჩანაწერი № 48816)

000 -LEADER
fixed length control field 01518nam a2200253Ia 4500
001 - CONTROL NUMBER
control field 15718
003 - CONTROL NUMBER IDENTIFIER
control field GE_BSU
008 - FIXED-LENGTH DATA ELEMENTS--GENERAL INFORMATION
fixed length control field 181216s||||||||xx |||||||||||||| ||und||
040 ## - CATALOGING SOURCE
Transcribing agency GE_BSU
080 ## - UNIVERSAL DECIMAL CLASSIFICATION NUMBER
Universal Decimal Classification number 821.353.1
100 ## - MAIN ENTRY--PERSONAL NAME
Personal name ჭავჭავაძე, ი.(ილია, 1837-1907)
245 ## - TITLE STATEMENT
Title რჩეული ნაწარმოებები : 5 ტომად. ტ. 4
245 ## - TITLE STATEMENT
Remainder of title პუბლიცისტური წერილები
245 ## - TITLE STATEMENT
Statement of responsibility, etc. ტომი შეადგინეს სარგის ცაიშვილმა და გურამ გვერდწითელმა. სარედ. კოლ. გ.გვერდწითელი. რ.ინანიშვილი. გ. ფანჯიკიძე. და სხვ.. რედ. ნ. აბესაძე. მხატვ.ზ. ფორჩხიძე
260 ## - PUBLICATION, DISTRIBUTION, ETC.
Place of publication, distribution, etc. თბილისი
260 ## - PUBLICATION, DISTRIBUTION, ETC.
Name of publisher, distributor, etc. საბჭ. საქართველო
260 ## - PUBLICATION, DISTRIBUTION, ETC.
Date of publication, distribution, etc. 1987
300 ## - PHYSICAL DESCRIPTION
Extent 448 გვ.20სმ
520 ## - SUMMARY, ETC.
Summary, etc. შენიშვნები გვ.438-445
653 ## - INDEX TERM--UNCONTROLLED
Uncontrolled term ერი და ისტორია; წერილები სახალხო განათლების საკითხებზე; ცხოვრება და კანონი; ახლობელნი და შორეულნი
653 ## - INDEX TERM--UNCONTROLLED
Uncontrolled term პუბლიცისტური წერილები
653 ## - INDEX TERM--UNCONTROLLED
Uncontrolled term რჩეული ნაწარმოებები
942 ## - ADDED ENTRY ELEMENTS (KOHA)
Koha item type წიგნი
ეგზემპლარები
Withdrawn status Lost status Source of classification or shelving scheme Damaged status Not for loan Permanent Location Current Location Shelving location Date acquired Full call number Barcode Date last seen Uniform Resource Identifier Price effective from Koha item type Public note Copy number
          ბათუმის შოთა რუსთაველის სახელმწიფო უნივერსიტეტის მთავარი ბიბლიოთეკა ბათუმის შოთა რუსთაველის სახელმწიფო უნივერსიტეტის მთავარი ბიბლიოთეკა წიგნსაცავი 2018-12-17 821.353.1 68323 2018-12-17 (გასასწორებელია ეს ინვენტარი) 2018-12-17 წიგნი 10ლ.  
          ბათუმის შოთა რუსთაველის სახელმწიფო უნივერსიტეტის მთავარი ბიბლიოთეკა ბათუმის შოთა რუსთაველის სახელმწიფო უნივერსიტეტის მთავარი ბიბლიოთეკა წიგნსაცავი 2018-12-17 821.353.1 39062 2018-12-17   2018-12-17 წიგნი   39062
          ბათუმის შოთა რუსთაველის სახელმწიფო უნივერსიტეტის მთავარი ბიბლიოთეკა ბათუმის შოთა რუსთაველის სახელმწიფო უნივერსიტეტის მთავარი ბიბლიოთეკა წიგნსაცავი 2018-12-17 821.353.1 39077 2018-12-17   2018-12-17 წიგნი   39077